| 000 | 00602nas a2200205 4500 | ||
|---|---|---|---|
| 003 | PILC | ||
| 005 | 20150924081010.0 | ||
| 008 | 030813s ph 000 eng d | ||
| 022 | _a01150839 | ||
| 050 | 0 | 0 |
_aR 11 _b.H434 1993 |
| 245 | 0 | 0 | _aHealth and home / |
| 260 |
_aManila : _bPhilippine Pub. House, _c1960- |
||
| 300 |
_avarious pages : _billustrations (chiefly color) ; _c27 cm. |
||
| 310 | _aBi-monthly. | ||
| 500 | _a<2006> shift to monthly. | ||
| 650 | 0 |
_aMedicine _vPeriodicals. |
|
| 650 | 0 |
_aHealth _vPeriodicals. |
|
| 650 | 0 |
_aTraditional medicine _vPeriodicals. |
|
| 942 |
_2lcc _cBK _kFOR |
||
| 999 |
_c288732 _d288732 |
||